[Event "Januariturneringen"]
[Site "?"]
[Date "2005.01.09"]
[Round "5"]
[White "Baghomian, Emin"]
[Black "Persson, Per"]
[Result "0-1"]
[WhiteElo "1563"]
[BlackElo "2012"]
[PlyCount "116"]
[EventDate "2005.??.??"]

1. e4 e5 2. Nf3 Nc6 3. Bb5 a6 4. Ba4 Nf6 5. O-O b5 6. Bb3 Bb7 7. d4 exd4 8. e5
Ne4 9. Bd5 Nc5 10. Nxd4 Nxd4 11. Bxb7 Nxb7 12. Qxd4 Nc5 13. Nc3 Be7 14. Nd5 Ne6
15. Qg4 O-O 16. f4 f5 17. exf6 Bxf6 18. f5 Nd4 19. c3 Nc6 20. Nxf6+ Qxf6 21.
Bg5 Qf7 22. f6 Ne5 23. Qd4 d6 24. Qh4 Qc4 25. Rf4 Qc5+ 26. Rd4 Ng6 27. Qg4 gxf6
28. Bh6 Rf7 29. h4 f5 30. Qg3 f4 31. Qg4 Qf5 32. Qf3 Re8 33. Qc6 Qd7 34. Qxd7
Rxd7 35. h5 Ne5 36. Bxf4 Rg7 37. Kf2 Rf8 38. g3 Rf5 39. Rh1 Rgg5 40. h6 Rg6 41.
Ke3 Ng4+ 42. Ke2 Re6+ 43. Kd2 c5 44. Rh4 cxd4 45. Rxg4+ Rg6 46. Rxg6+ hxg6 47.
cxd4 d5 48. Kc3 g5 49. Be5 Rf2 50. a3 Kh7 51. b3 a5 52. Bc7 Rf3+ 53. Kc2 a4 54.
bxa4 bxa4 55. Bd6 Kxh6 56. Kd2 Kg6 57. Ke2 Rb3 58. Kf2 Kf5 0-1

[Event "Januariturneringen"]
[Site "?"]
[Date "2005.01.09"]
[Round "5"]
[White "Berggren, Karl-Erik"]
[Black "Pogosian, Arschak"]
[Result "1-0"]
[WhiteElo "1566"]
[BlackElo "1466"]
[PlyCount "101"]
[EventDate "2005.??.??"]

1. d4 d5 2. c4 dxc4 3. Nf3 Bd7 4. e3 b5 5. a4 c6 6. axb5 cxb5 7. Ne5 Nf6 8. Qf3
Nc6 9. Nxc6 Bxc6 10. Qxc6+ Nd7 11. Qxb5 e6 12. Nc3 Be7 13. Qxc4 O-O 14. Be2 Nb6
15. Qd3 a5 16. O-O Bb4 17. Bd2 Qg5 18. Ne4 Qe7 19. Bxb4 Qxb4 20. Ng5 g6 21. Ne4
Nd5 22. Nc3 Rfd8 23. Nxd5 exd5 24. Rfc1 Rab8 25. g3 Qe7 26. Qa3 Qe4 27. Qc3
Rbc8 28. Qd2 Rxc1+ 29. Qxc1 Qe6 30. Rxa5 Rd6 31. Qc3 Qe4 32. Qc1 h5 33. Rb5 Rf6
34. Qf1 Rc6 35. Rc5 Rb6 36. Bd3 Qe6 37. Qa1 Kg7 38. Qa3 h4 39. b4 Rb8 40. b5
hxg3 41. hxg3 Rh8 42. Bf1 Qf5 43. Bg2 Qh5 44. Qc1 Rd8 45. b6 Rb8 46. Qb1 Qe2
47. Bxd5 Re8 48. Qc1 Rb8 49. b7 Qa6 50. Rc7 Qb6 51. Rxf7+ 1-0

[Event "Januariturneringen"]
[Site "?"]
[Date "2005.01.09"]
[Round "5"]
[White "Kärrlander, Gunnar"]
[Black "Kimari, Patrik"]
[Result "1/2-1/2"]
[WhiteElo "1966"]
[BlackElo "2204"]
[PlyCount "43"]
[EventDate "2005.??.??"]

1. e4 c5 2. Nf3 Nc6 3. d4 cxd4 4. Nxd4 e5 5. Nb5 d6 6. N1c3 a6 7. Na3 b5 8. Nd5
Nge7 9. Bg5 h6 10. Bxe7 Nxe7 11. Bd3 Nxd5 12. exd5 Be7 13. O-O O-O 14. c4 b4
15. Nc2 Qb6 16. Ne3 f5 17. c5 Qxc5 18. Rc1 Qd4 19. Rxc8 Raxc8 20. Nxf5 Rxf5 21.
Bxf5 Qxd1 22. Rxd1 1/2-1/2

[Event "Januariturneringen"]
[Site "?"]
[Date "2005.01.09"]
[Round "5"]
[White "Josefsson, Kenneth"]
[Black "Berggren, Johanna"]
[Result "0-1"]
[WhiteElo "1915"]
[BlackElo "1641"]
[PlyCount "88"]
[EventDate "2005.??.??"]

1. e4 c5 2. Nf3 d6 3. d4 cxd4 4. Nxd4 Nf6 5. Nc3 a6 6. Bc4 e6 7. a4 Nc6 8. Be3
Be7 9. f3 Qc7 10. Qd2 Bd7 11. O-O O-O 12. Rad1 Na5 13. Ba2 Nc4 14. Bxc4 Qxc4
15. Kh1 Rac8 16. Nb3 Rfd8 17. Bb6 Re8 18. Rfe1 Bxa4 19. Na5 Qb4 20. Nxa4 Qxa4
21. b3 Qb5 22. Bd4 d5 23. exd5 Bb4 24. c3 Bxa5 25. dxe6 Rxe6 26. Rxe6 fxe6 27.
Re1 Qd7 28. Rd1 Nd5 29. Qg5 Bxc3 30. Bxc3 Rxc3 31. Qe5 Qc8 32. h3 Rc1 33. Qe1
Rxd1 34. Qxd1 Qc3 35. Qe2 Qe3 36. Qc4 Qe1+ 37. Kh2 Qe5+ 38. Kh1 Qc7 39. Qa4
Qc1+ 40. Kh2 Qf4+ 41. Qxf4 Nxf4 42. Kg3 Nd3 43. f4 a5 44. Kf3 Nc5 0-1

[Event "Januariturneringen"]
[Site "?"]
[Date "2005.01.09"]
[Round "5"]
[White "Eckeskog, Patrik"]
[Black "Fuentes, Ruben"]
[Result "0-1"]
[WhiteElo "1921"]
[BlackElo "1885"]
[PlyCount "128"]
[EventDate "2005.??.??"]

1. e4 Nf6 2. e5 Nd5 3. d4 e6 4. Nf3 d6 5. c4 Nb6 6. b3 Nc6 7. exd6 cxd6 8. Bb2
d5 9. Be2 g6 10. Nc3 Bg7 11. c5 Nd7 12. Qd2 a6 13. Rd1 O-O 14. h4 Nf6 15. Qf4
Bd7 16. Ne5 Qa5 17. O-O Nxe5 18. dxe5 Ne8 19. b4 Qc7 20. Rxd5 exd5 21. Nxd5 Qb8
22. Nb6 Bc6 23. a4 Nc7 24. Bc4 Qe8 25. Nxa8 Nxa8 26. h5 Nc7 27. hxg6 hxg6 28.
Bb3 Bxa4 29. Ba2 Ne6 30. Qg4 Qe7 31. f4 Bc2 32. Qe2 Ba4 33. Bc4 Rd8 34. f5 gxf5
35. Ra1 Bc6 36. Qh5 Qg5 37. Qxg5 Nxg5 38. Bc3 Ne6 39. Rf1 Be4 40. Re1 Bh6 41.
g4 Bd2 42. Bxd2 Rxd2 43. gxf5 Bxf5 44. Re2 Rxe2 45. Bxe2 Be4 46. Kf2 Kg7 47.
Ke3 Bc6 48. Bd3 Kh6 49. Bc2 Bd5 50. Bd3 Kg5 51. Bc2 Nd8 52. Kd4 Nc6+ 53. Kc3
Nxe5 54. Ba4 Nc6 55. b5 axb5 56. Bxb5 Kf4 57. Kd2 Ke4 58. Kc3 Ke3 59. Bf1 f5
60. Bh3 f4 61. Bc8 Ne5 62. Bh3 f3 63. Kb4 f2 64. Bf1 Bc4 0-1

[Event "Januariturneringen"]
[Site "?"]
[Date "2005.01.09"]
[Round "5"]
[White "Malmdin, Nils-Åke"]
[Black "Wahlström, Arne"]
[Result "1-0"]
[WhiteElo "2226"]
[BlackElo "2043"]
[PlyCount "104"]
[EventDate "2005.??.??"]

1. e4 c5 2. Nf3 d6 3. d4 cxd4 4. Qxd4 Nc6 5. Bb5 Bd7 6. Bxc6 Bxc6 7. Nc3 Nf6 8.
Bg5 e6 9. O-O-O Be7 10. Rhe1 O-O 11. Qd2 a6 12. Nd4 Be8 13. f4 b5 14. Re3 b4
15. Nce2 Qa5 16. Kb1 h6 17. Bxf6 Bxf6 18. g4 e5 19. Nb3 Qb6 20. Rd3 exf4 21.
Nxf4 Be5 22. Nd5 Qd8 23. Qf2 a5 24. Nd4 Bd7 25. Rg1 Ra6 26. Nf5 Be6 27. Nfe7+
Kh7 28. g5 Bxd5 29. Nxd5 hxg5 30. Rh3+ Kg8 31. Qe2 Ra7 32. Qh5 f6 33. Qh7+ Kf7
34. Rh6 Rg8 35. Qg6+ Kf8 36. Rh7 Qc8 37. h4 gxh4 38. Rxh4 a4 39. Rf1 Qc4 40.
Qf5 Qd4 41. c3 Qd3+ 42. Kc1 bxc3 43. bxc3 Bxc3 44. Rf2 Bd4 45. Rh3 Qa6 46. Rc2
Qa5 47. Rh1 Kf7 48. Qh5+ g6 49. Qg4 Qb5 50. Rd1 Be5 51. Nc7 Bb2+ 52. Kb1 Bd4+
1-0